| 000 | | | 04076nmc2a22000003x 450 |
| 001 | | | 840bd349-a11e-400f-88be-76691fe5b966 |
| 005 | | | 20180712111827.0 |
| 100 | ## | $a | 20160413l18741875k l0rusy0189 ca |
| 101 | 0# | $a | rus |
| 102 | ## | $a | RU |
| 200 | 1# | $a | Дело о народных училищах |
| | $j | 1874-1875 гг. |
| | $e | Циркуляры и представления Министерства об учреждении Главного попечительского совета и должности инспектора; программа учебного курса: записки, мнения, статьи А.С. Воронова и других лиц, в том числе Погорельского: о содержании народных училищ в 1874 году, учителей - в Пруссии; о городских училищах Москвы, устройстве народной школы при Петербургском педагогическом совете; об обучении закону божьему |
| 251 | ## | $c | Дело |
| 300 | ## | $a | Автограф, копии рукописные, печатные с пометами |
| 801 | #0 | $a | RU |
| | $b | РГИА |
| | $c | 20160413 |
| | $g | RCR |
| 801 | #1 | $a | RU |
| | $b | ГлавНИВЦ |
| | $c | 20160413 |
| | $2 | rusmarc |
| 801 | #2 | $a | RU |
| | $b | ПБ им. Б.Н. Ельцина |
| | $c | 20180712 |
| | $g | RCR |
| | $2 | rusmarc |
| 850 | ## | $a | РГИА |
| 852 | ## | $a | РГИА |
| | $e | Федеральное казенное учреждение "Российский государственный исторический архив" (РГИА) |
| | $j | 18 |
| 937 | ## | $h | РГИА |
| | $d | 12201706 |
| | $a | ASBIBLIO_SCAN |
| 462 | #0 | $1 | 001d00eb924-b8c4-46ea-b08b-551519b642a2 |
| | $1 | 2001 |
| | $a | Личные документы А.С. Воронова и материалы по вопросам народного образования в России |
| | $1 | 251 |
| | $c | Опись |
| | $1 | 852 |
| | $j | 1 |
| 461 | #0 | $1 | 001f6df60a8-a3d6-445b-9e6a-669b0dd5e9bc |
| | $1 | 2001 |
| | $a | Воронов Андрей Степанович (1818-1875) |
| | $1 | 251 |
| | $c | Фонд |
| | $1 | 852 |
| | $j | 845 |
| 215 | ## | $a | 74 л. |
| | $d | 36,5х26 см |
| 371 | ## | $a | Документ не является опубликованным и широко распространяемым |
| 105 | ## | $a | y### |
| 122 | 2# | $a | d |
| 035 | ## | $a | 840bd349-a11e-400f-88be-76691fe5b966 |
| 856 | ## | $u | http://readingroom.main.prlib.ru/item.aspx?id_node=n117222641&mode=full |